000 00519nab a2200145Ia 4500
003 ES-SlBCS
005 20210601133739.0
008 140529s2005 xxu||||| |||| 00| 0 por d
041 _apor
100 1 _aBranco, Maria Luísa
_9209147
245 0 0 _aO modelo da escola cultural como exemplo de uma perspectiva integradora e democrática de educaçao cívica
_c Maria Luísa Branco
650 0 4 _aEducación Cívica
_9105353
773 0 _tEducaçao e Filosofia
_gvol. 19, nº. 38, 2005, págs. 97-113
_wRev1534
942 _cAR
999 _c601471
_d601471